书目信息 |
| 书名: | A handbook of English | |
| 作者: | [by] T. C. Lai. | |
| 分册号: | ||
| 分册名: | 出版地: | Hong Kong : |
|
| 出版社: | The commercial Press | |
| 出版时间: | 1979. | |
| 页数: | 219 p. | |
| 开本: | ||
| 丛书名: | ||
| 中图分类号: | ||
| 科图分类号: | ||
| 其他分类号: | H31-62 | |
| 主题词: | ||
| 电子资源: | ||
| 000 | 00438nam 22001697a 4500 | |
| 001 | E0734335343 | |
| 005 | 20070208093300.18 | |
| 008 | 040519s1979 cc 000 0 eng d | |
| 040 | @aNUL@cNUL | |
| 090 | @aJ684.4/W3 | |
| 090 | @aH31-62 | |
| 099 | @dH31-62@ex30 | |
| 100 | 1 | @aLai, T. C. |
| 245 | 12 | @aA handbook of English / @c[by] T. C. Lai. |
| 260 | @aHong Kong :@bThe commercial Press,@c1979. | |
| 300 | @a219 p. | |
| 920 | @a232010@z2 | |
| A handbook of English / / [by] T. C. Lai.-Hong Kong : : The commercial Press, , 1979. |
| 219 p. |
| ISBN |
| ● |
| 相关链接 |
|
|
|
|
正题名:handbook of English
索取号:H31-62/x30
 
预约/预借
| 序号 | 登录号 | 条形码 | 馆藏地/架位号 | 状态 | 备注 |
| 1 | 181754 | 001174464 | 第四借阅区/ [索取号:H31-62/x30] | 在馆 | |
| 2 | 181755 | 001174455 | 第四借阅区/ [索取号:H31-62/x30] | 在馆 |